Tự học Access 2002

שמור ב:
מידע ביבליוגרפי
מחבר ראשי: Phạm Hồng Tài
פורמט: ספר
שפה:Undetermined
יצא לאור: H. Thống Kê 2002
נושאים:
תגים: הוספת תג
אין תגיות, היה/י הראשונ/ה לתייג את הרשומה!
Thư viện lưu trữ: Trung tâm Học liệu Trường Đại học Cần Thơ
LEADER 00589nam a2200193Ia 4500
001 CTU_54746
008 210402s9999 xx 000 0 und d
020 |b 29000 
082 |a 005.3 
082 |b T103/T1 
100 |a Phạm Hồng Tài 
245 0 |a Tự học Access 2002 
245 0 |c Phạm Hồng Tài, Nguyễn Phước Lành và Đỗ Kim Oanh 
260 |a H. 
260 |b Thống Kê 
260 |c 2002 
650 |a database management,access 
650 |x computer programs,computer programs 
980 |a Trung tâm Học liệu Trường Đại học Cần Thơ